000 00643nam a22001815i 4500
001 162832
003 ES-MaACL
005 20250803063059.0
008 990701s1870 fr |||| | fre d
040 _aGA
_bspa
_cCCPB | 3D
100 1 _aQuinet, Edgar,
_d1803-1875
_994643
245 1 3 _aLa Création /
_cpar Edgar Quinet.
260 _aParis :
_bLibrairie internationale, A. Lacroix, Verboeckhoven et Ce.,
_c1870 (
_eSaint-Germain :
_fImprimerie L. Toinon)
300 _a2 v. ;
_c23 cm.
597 _aT. I (VI, 374 p.) -- t. II (428 p.)
852 _aES-MaACL
_jG-10451
_z-- Enc. hol.
_z-- 2 t. en 1 v.
999 _c162832
_d162832